header

The grounds of English literature (Record no. 35181)

MARC details
000 -LEADER
fixed length control field 01297nam a2200325 a 4500
082 04 - DEWEY DECIMAL CLASSIFICATION NUMBER
Classification number 820.9001
100 1# - MAIN ENTRY--AUTHOR NAME
Personal name Cannon, Christopher.
245 14 - TITLE STATEMENT
Title The grounds of English literature
260 ## - PUBLICATION, DISTRIBUTION, ETC. (IMPRINT)
Place of publication Oxford ;
-- New York :
Name of publisher Oxford University Press,
Year of publication 2004.
300 ## - PHYSICAL DESCRIPTION
Number of Pages viii, 237 p. :
Other physical details ill., maps.
650 #0 - SUBJECT ADDED ENTRY--TOPICAL TERM
Topical Term English literature
Topical Term Romances, English
856 40 - ELECTRONIC LOCATION AND ACCESS
Uniform Resource Identifier http://site.ebrary.com/lib/rucke/Doc?id=10254477

No items available.

© 2026 Rongo University
Contact us: librarian | system librarian | Rongo university